| 000 | 01376nam0a22003731 4500 | ||
|---|---|---|---|
| 001 | RU\NLR\INFOCOMM_178\5000018081 | ||
| 005 | 20250613091002.0 | ||
| 035 | _a(NLR Aleph) 009086723 | ||
| 090 |
_a8016280 _c8016280 |
||
| 100 | _a20081215d1970 |||y0rusy50 ca | ||
| 101 | 0 | _afre | |
| 102 | _aRU | ||
| 105 | _ay z|||000yy | ||
| 181 | 0 |
_ai4 _baxxe |
|
| 182 | 0 | _an | |
| 200 | 1 |
_aLes bibliothèques et le progrès scientifico-technique _fB. N. Batchaldine, L. I. Zaderman |
|
| 203 |
_aТекст _bвизуальный _cнепосредственный |
||
| 210 |
_a[М. _cs.n. _d1970] |
||
| 215 |
_a18 л. _d30 см |
||
| 300 | _aБез тит. л. и обл. | ||
| 300 | _aНа вклейке: Библиотеки и технический прогресс / Б. Бачалдин, Л. Задерман | ||
| 309 | _aОтпечат. множит. аппаратом на одной стороне листа | ||
| 517 | 1 | _aБиблиотеки и технический прогресс | |
| 686 |
_aБ6-500 _2rubbk |
||
| 686 |
_aБ4 _2rubbk |
||
| 700 | 1 |
_6z03790 _aBačaldin _bB. N. _f1923-2014 _gBoris Nikolaevič _4070 |
|
| 701 | 1 |
_aZaderman _bL. I. _f1917- _gLidija Isaevna _4070 |
|
| 790 | 1 |
_6z03700 _aBatchaldine _bB. N. _4070 |
|
| 801 | 1 |
_aRU _bNLR _c20081215 |
|
| 801 | 0 |
_aRU _bNLR _gPSBO |
|
| 852 |
_aNLR _jБ1675/I-61 |
||
| 942 | _cBOOK | ||
| 980 | _aNB | ||